घर बुनते हुए / (Record no. 115449)

MARC details
000 -LEADER
fixed length control field 01050nam a22002777a 4500
003 - CONTROL NUMBER IDENTIFIER
control field dpl
005 - DATE AND TIME OF LATEST TRANSACTION
control field 20190207122948.0
008 - FIXED-LENGTH DATA ELEMENTS--GENERAL INFORMATION
fixed length control field 190207b ||||| |||| 00| 0 eng d
010 ## - LIBRARY OF CONGRESS CONTROL NUMBER
LC control number B-003112
020 ## - INTERNATIONAL STANDARD BOOK NUMBER
Terms of availability 90.00
035 ## - SYSTEM CONTROL NUMBER
System control number B-003112, B-003122
037 ## - SOURCE OF ACQUISITION
Source of stock number/acquisition Cen Lib/Ret
040 ## - CATALOGING SOURCE
Original cataloging agency DPL
Language of cataloging HN
Transcribing agency 0
082 ## - DEWEY DECIMAL CLASSIFICATION NUMBER
Classification number
Item number चक्रव
100 ## - MAIN ENTRY--PERSONAL NAME
Personal name चक्रवर्ती, परितोष
9 (RLIN) 61479
245 ## - TITLE STATEMENT
Title घर बुनते हुए /
Statement of responsibility, etc परितोष चक्रवर्ती
246 ## - VARYING FORM OF TITLE
Title proper/short title Ghar bunte huay /
Remainder of title by Paritosh Chakravarty
260 ## - PUBLICATION, DISTRIBUTION, ETC. (IMPRINT)
Place of publication, distribution, etc दिल्ली
Name of publisher, distributor, etc सारांश प्रकाशन
Date of publication, distribution, etc 1999
270 ## - ADDRESS
City दिल्ली
Address 142ई, पॉकेट-४, मयूर विहार-1
Postal code 110091
300 ## - PHYSICAL DESCRIPTION
Extent 127पृ.
Dimensions 21सेमी(सजिल्द)
650 ## - SUBJECT ADDED ENTRY--TOPICAL TERM
Topical term or geographic name as entry element हिन्दी साहित्य
9 (RLIN) 61480
650 ## - SUBJECT ADDED ENTRY--TOPICAL TERM
Topical term or geographic name as entry element कहानियां
9 (RLIN) 61481
650 ## - SUBJECT ADDED ENTRY--TOPICAL TERM
Topical term or geographic name as entry element Hindi literature
9 (RLIN) 61482
650 ## - SUBJECT ADDED ENTRY--TOPICAL TERM
Topical term or geographic name as entry element Stories
9 (RLIN) 7500
942 ## - ADDED ENTRY ELEMENTS (KOHA)
Source of classification or shelving scheme Dewey Decimal Classification
Koha item type Hindi Books
Classification part
Call number suffix चक्रव
Holdings
Withdrawn status Lost status Damaged status Not for loan Home library Current library Date acquired Source of acquisition Cost, normal purchase price Total Checkouts Full call number Barcode Date last seen Copy number Cost, replacement price Price effective from Koha item type Source of classification or shelving scheme Collection code
Withdrawn       Central Library Central Library 20/08/2015 Cen Lib/Ret 90.00   क चक्रव B-003112 20/08/2015 1 90.00 20/08/2015 Hindi Books    
        Shahdara Branch Shahdara Branch 07/02/2019 BPPD/PUB 90.00   क चक्रव B-003122 07/02/2019   90.00 07/02/2019 Hindi Books Dewey Decimal Classification Fiction

© Delhi Public Library
Hit Counter
free hit counter